Malaysia food business directory 2012/ 2013.
| Format: | Book |
|---|---|
| Published: |
Shah Alam:
Marshall Cavendish,
2012.
|
| Subjects: |
| LEADER | 00493cam a2200157 7i4500 | ||
|---|---|---|---|
| 001 | 0000029005 | ||
| 005 | 20130110090000.0 | ||
| 022 | 0 | 0 | |a 19850379 |
| 090 | 0 | 0 | |a P 641.3025 |b MAL |
| 245 | 0 | 0 | |a Malaysia food business directory 2012/ 2013. |
| 260 | 0 | 0 | |a Shah Alam: |b Marshall Cavendish, |c 2012. |
| 300 | # | # | |a 210 p. |
| 650 | 0 | 0 | |a Food -- |x Directories -- |z Malaysia |
| 650 | 0 | 0 | |a Beverages -- |x Directories -- |z Malaysia |
| 651 | 0 | 0 | |a Malaysia |
| 999 | |a 0000031732 |b Directories |c Products |e Business Information Centre | ||